[Event "Remco Heite op 5th"]
[Site "Wolvega"]
[Date "2014.11.16"]
[Round "6"]
[White "Potze, Rudolf"]
[Black "Peng, Zhaoqin"]
[Result "0-1"]
[WhiteElo "2110"]
[BlackElo "2392"]
[PlyCount "101"]
[EventDate "2014.11.15"]
[EventType "swiss"]
[EventRounds "9"]
[EventCountry "NED"]
[SourceTitle "EXT 2015"]
[Source "ChessBase"]
[SourceDate "2014.11.20"]
[SourceVersion "1"]
[SourceVersionDate "2014.11.20"]
[SourceQuality "1"]

1. e4 d6 2. d4 Nf6 3. Nc3 e5 4. Nf3 Nbd7 5. Bc4 Be7 6. a4 0-0 7. 0-0 c6 8. Bb3 exd4 9. Qxd4 Nc5 10. Ba2 Ng4 11. h3 Bf6 12. Qd1 Ne5 13. Nd4 Ng6 14. Be3 Re8 15. f3 Be6 16. Nxe6 fxe6 17. Qd2 Na6 18. Rad1 Nb4 19. Bb1 d5 20. Ne2 a5 21. c3 Na6 22. Ng3 Qc7 23. Nh5 Be7 24. exd5 exd5 25. Bxg6 hxg6 26. Nf4 Bc5 27. Bxc5 Nxc5 28. Nd3 Nxa4 29. Qg5 Qf7 30. Rfe1 Qf6 31. Qg4 b5 32. f4 Re4 33. Rxe4 dxe4 34. Ne5 Nxb2 35. Rd7 Qf5 36. Qh4 Nd3 37. Qe7 Qf6 38. Qxf6 gxf6 39. Nxg6 a4 40. h4 a3 41. Ne7+ Kf7 42. Nf5+ Ke8 43. Rh7 Ra4 44. Nd6+ Kd8 45. Nb7+ Kc8 46. Nd6+ Kb8 47. Rb7+ Ka8 48. Rc7 a2 49. Nc8 a1Q+ 50. Kh2 Kb8 51. Rxc6 0-1

[Event "Hoogeveen Unive op 17th"]
[Site "Hoogeveen"]
[Date "2013.10.18"]
[Round "1"]
[White "Hendriks, Willy"]
[Black "Potze, Rudolf"]
[Result "1-0"]
[WhiteElo "2407"]
[BlackElo "2112"]
[PlyCount "81"]
[EventDate "2013.10.18"]
[EventType "swiss"]
[EventRounds "9"]
[EventCountry "NED"]
[SourceTitle "EXT 2014"]
[Source "ChessBase"]
[SourceDate "2013.11.20"]
[SourceVersion "1"]
[SourceVersionDate "2013.11.20"]
[SourceQuality "1"]

1. e4 c5 2. Nf3 Nc6 3. Bb5 e6 4. 0-0 d6 5. c3 Bd7 6. Re1 Be7 7. d4 a6 8. Bf1 e5 9. dxc5 dxc5 10. a4 Nf6 11. Nbd2 0-0 12. Nc4 Qc7 13. Nfxe5 Nxe5 14. Bf4 Bg4 15. Bxe5 Qc6 16. f3 Be6 17. a5 Rad8 18. Qc2 Nh5 19. Qa4 Qxa4 20. Rxa4 Bg5 21. g3 Rd7 22. Raa1 Bd8 23. Red1 Nf6 24. Rxd7 Nxd7 25. Bd6 Re8 26. g4 g6 27. Bg3 Bxc4 28. Bxc4 Ne5 29. Bxe5 Rxe5 30. Rd1 Bxa5 31. Rd7 b5 32. Bxf7+ Kf8 33. Bd5 b4 34. cxb4 Bxb4 35. Rxh7 a5 36. b3 Bd2 37. h4 g5 38. hxg5 Rxg5 39. Kf2 Rg6 40. Ke2 Bc3 41. Rf7+ 1-0

[Event "Hoogeveen Unive op 16th"]
[Site "Hoogeveen"]
[Date "2012.10.26"]
[Round "8"]
[White "Potze, Rudolf"]
[Black "Go, Benjamin"]
[Result "0-1"]
[WhiteElo "2124"]
[BlackElo "2175"]
[PlyCount "68"]
[EventDate "2012.10.19"]
[EventType "swiss"]
[EventRounds "9"]
[EventCountry "NED"]
[SourceTitle "EXT 2013"]
[Source "ChessBase"]
[SourceDate "2012.11.22"]
[SourceVersion "1"]
[SourceVersionDate "2012.11.22"]
[SourceQuality "1"]

1. e4 d6 2. d4 Nf6 3. Nc3 g6 4. Nf3 Bg7 5. h3 0-0 6. Be3 Nc6 7. Qd2 e5 8. 0-0-0 exd4 9. Nxd4 Nxd4 10. Bxd4 c6 11. Be3 d5 12. exd5 cxd5 13. Bc5 Be6 14. Bxf8 Qxf8 15. Kb1 Rc8 16. Bd3 Qb4 17. Nb5 Qa4 18. b3 Qa6 19. Qb4 Qb6 20. Qd4 Qd8 21. Qxa7 d4 22. Rhe1 Nd5 23. Rxe6 fxe6 24. Qxb7 Rb8 25. Qc6 Rb6 26. Qc5 Rxb5 27. Bxb5 Nc3+ 28. Kc1 Bh6+ 29. Rd2 Bxd2+ 30. Kb2 Nxb5 31. Qxb5 Bc3+ 32. Kb1 Qf8 33. Qd7 Qxf2 34. Qxe6+ Kg7 0-1

[Event "Hoogeveen Unive op 16th"]
[Site "Hoogeveen"]
[Date "2012.10.20"]
[Round "2"]
[White "Potze, Rudolf"]
[Black "Djuric, Olgica"]
[Result "1-0"]
[WhiteElo "2124"]
[BlackElo "1880"]
[PlyCount "83"]
[EventDate "2012.10.19"]
[EventType "swiss"]
[EventRounds "9"]
[EventCountry "NED"]
[SourceTitle "EXT 2013"]
[Source "ChessBase"]
[SourceDate "2012.11.22"]
[SourceVersion "1"]
[SourceVersionDate "2012.11.22"]
[SourceQuality "1"]

1. e4 c5 2. Nf3 Nc6 3. c3 g6 4. Bc4 Qc7 5. 0-0 Bg7 6. Re1 d6 7. h3 Ne5 8. Nxe5 Bxe5 9. d3 Bd7 10. a4 Rb8 11. Na3 a6 12. d4 cxd4 13. cxd4 Bg7 14. Be3 Nf6 15. Rc1 Qa5 16. e5 Ne4 17. Qf3 f5 18. exd6 Nxd6 19. Bf4 Kf8 20. Bxd6 exd6 21. b4 Qd8 22. Qd5 Qf6 23. b5 Bh6 24. Rc2 Re8 25. Rce2 Rxe2 26. Rxe2 Bc8 27. bxa6 bxa6 28. Qc6 Qd8 29. Be6 Kg7 30. Bxc8 Qxc8 31. Re7+ Kf6 32. Qxd6+ Kg5 33. Qg3+ Kf6 34. Qe5+ Kg5 35. f4+ Kh5 36. Qe2+ Kh4 37. Qf2+ Kh5 38. Qf3+ Kh4 39. Kh2 Bxf4+ 40. Qxf4+ Kh5 41. g4+ fxg4 42. Re5+ 1-0

[Event "NED-chT 1112"]
[Site "Netherlands"]
[Date "2011.10.29"]
[Round "2.6"]
[White "Haast, Mark"]
[Black "Potze, Rudolf"]
[Result "1-0"]
[WhiteElo "2251"]
[BlackElo "2126"]
[PlyCount "89"]
[EventDate "2011.09.17"]
[EventType "team-tourn"]
[EventRounds "9"]
[EventCountry "NED"]
[SourceTitle "EXT 2012"]
[Source "ChessBase"]
[SourceDate "2011.11.24"]
[SourceVersion "1"]
[SourceVersionDate "2011.11.24"]
[SourceQuality "1"]
[WhiteTeam "De Stukkenjagers"]
[BlackTeam "Groningen"]
[WhiteTeamCountry "NED"]
[BlackTeamCountry "NED"]

1. c4 g6 2. Nc3 c5 3. g3 Bg7 4. Bg2 Nc6 5. d3 d6 6. a3 e6 7. Nf3 Nge7 8. Bg5 h6 9. Bd2 a6 10. Rb1 Nd4 11. b4 Nxf3+ 12. Bxf3 cxb4 13. axb4 0-0 14. Qc1 Kh7 15. h4 Nc6 16. 0-0 Nd4 17. Bg2 Rb8 18. e3 Nf5 19. Ne2 Ne7 20. b5 a5 21. b6 a4 22. Qa3 Qd7 23. Bb4 Rd8 24. d4 Nc6 25. Nc3 e5 26. d5 Nxb4 27. Rxb4 Ra8 28. Rxa4 Rxa4 29. Nxa4 Qg4 30. e4 Qe2 31. Qb4 Bf8 32. Nc3 Qd2 33. Rd1 Qc2 34. Bf1 Bg4 35. Bd3 Qxd1+ 36. Nxd1 Bxd1 37. f4 Bg4 38. fxe5 Bg7 39. exd6 Ra8 40. c5 Ra2 41. c6 Be5 42. Bb1 Re2 43. d7 Bxg3 44. d8Q Bf3 45. Qh8+ 1-0

[Event "Hoogeveen Unive op 15th"]
[Site "Hoogeveen"]
[Date "2011.10.16"]
[Round "3"]
[White "Rietveld, Renze"]
[Black "Potze, Rudolf"]
[Result "0-1"]
[WhiteElo "2291"]
[BlackElo "2126"]
[PlyCount "80"]
[EventDate "2011.10.14"]
[EventType "swiss"]
[EventRounds "9"]
[EventCountry "NED"]
[SourceTitle "CBM 144 Extra"]
[Source "ChessBase"]
[SourceDate "2011.10.28"]
[SourceVersion "1"]
[SourceVersionDate "2011.10.28"]
[SourceQuality "1"]

1. e4 c5 2. Nf3 Nc6 3. d4 cxd4 4. Nxd4 Nf6 5. Nc3 e5 6. Ndb5 d6 7. Bg5 a6 8. Na3 b5 9. Bxf6 gxf6 10. Nd5 Bg7 11. c3 f5 12. exf5 Bxf5 13. Nc2 Be6 14. g3 0-0 15. Bg2 a5 16. 0-0 f5 17. Qd2 Rb8 18. Rfd1 Qd7 19. f4 e4 20. Bf1 Rfd8 21. a4 bxa4 22. Nce3 Kh8 23. Kh1 Qb7 24. Rxa4 Qxb2 25. Qe1 Qb7 26. g4 Ne7 27. Nxe7 Qxe7 28. Rxa5 Qc7 29. c4 fxg4 30. Nd5 Qf7 31. Qe3 Rb2 32. Ra7 Qh5 33. Be2 Qh6 34. Rg1 Rf8 35. Qxe4 Bf5 36. Qe3 Qg6 37. h3 Be4+ 38. Kh2 Bf3 39. Nc3 Qh6 40. Rg3 Qxf4 0-1

[Event "Remco Heite rap op 3rd"]
[Site "Wolvega"]
[Date "2010.11.27"]
[Round "2"]
[White "Potze, Rudolf"]
[Black "Brandenburg, Daan"]
[Result "0-1"]
[WhiteElo "2110"]
[BlackElo "2515"]
[PlyCount "78"]
[EventDate "2010.11.27"]
[EventType "swiss"]
[EventRounds "9"]
[EventCountry "NED"]
[SourceTitle "CBM 139 Extra"]
[Source "ChessBase"]
[SourceDate "2011.01.05"]
[SourceVersion "1"]
[SourceVersionDate "2011.01.05"]
[SourceQuality "1"]

1. e4 c5 2. c3 g6 3. Bc4 Qc7 4. Nf3 Bg7 5. 0-0 d6 6. d3 Nf6 7. h3 0-0 8. Re1 Nbd7 9. Qe2 Ne5 10. Bb3 b5 11. Bc2 Bb7 12. Nbd2 Rac8 13. Nf1 Nh5 14. N3h2 b4 15. Bd2 bxc3 16. bxc3 Ba6 17. f4 Nc6 18. Rac1 Qa5 19. Bb3 e5 20. g3 exf4 21. gxf4 Kh8 22. Qf3 c4 23. dxc4 f5 24. Ng3 fxe4 25. Rxe4 Ne5 26. Qe3 Nxg3 27. Qxg3 Nxc4 28. Be1 d5 29. Re6 Rce8 30. Rxe8 Rxe8 31. Bf2 Nd6 32. Bd4 Nf5 33. Bxg7+ Kxg7 34. Qf2 Re3 35. Ng4 Rg3+ 36. Kh2 Bc8 37. c4 d4 38. c5 Rc3 39. Qd2 Rxh3+ 0-1

[Event "NED-chT 0910"]
[Site "Netherlands"]
[Date "2010.03.06"]
[Round "7.8"]
[White "Willemze, Thomas"]
[Black "Potze, Rudolf"]
[Result "1-0"]
[WhiteElo "2391"]
[BlackElo "2132"]
[PlyCount "75"]
[EventDate "2009.09.26"]
[EventType "team"]
[EventRounds "9"]
[EventCountry "NED"]
[SourceTitle "EXT 2011"]
[Source "ChessBase"]
[SourceDate "2010.11.26"]
[SourceVersion "1"]
[SourceVersionDate "2010.11.26"]
[SourceQuality "1"]
[WhiteTeam "Utrecht"]
[BlackTeam "Groningen Hotels"]
[WhiteTeamCountry "NED"]
[BlackTeamCountry "NED"]

1. e4 c5 2. Nf3 Nc6 3. Bb5 e6 4. Bxc6 dxc6 5. 0-0 Nf6 6. d3 Be7 7. Bg5 Qc7 8. e5 Nd5 9. c4 Nb4 10. h4 h6 11. Bxe7 Qxe7 12. a3 Na6 13. Nc3 0-0 14. Ne4 Rd8 15. Qd2 Nb8 16. Qf4 Nd7 17. Rad1 b5 18. Rfe1 Ba6 19. b3 Rab8 20. Re3 Nf8 21. Rc1 Rb7 22. h5 Nh7 23. Nd6 Rc7 24. Ne4 Rcd7 25. cxb5 Bxb5 26. Nxc5 Rd5 27. d4 Ng5 28. a4 Nxf3+ 29. Qxf3 Rxd4 30. axb5 R8d5 31. Nd3 Qa3 32. Rxc6 Qxb3 33. Rc7 Rd7 34. Rxd7 Rxd7 35. Qa8+ Kh7 36. Qe4+ Kg8 37. Kh2 Qxb5 38. Rg3 1-0

[Event "Groningen op-A"]
[Site "Groningen"]
[Date "2009.12.26"]
[Round "5"]
[White "Potze, Rudolf"]
[Black "Thompson, Ian D"]
[Result "1-0"]
[WhiteElo "2132"]
[BlackElo "2266"]
[PlyCount "113"]
[EventDate "2009.12.21"]
[EventType "swiss"]
[EventRounds "9"]
[EventCountry "NED"]
[SourceTitle "CBM 134 Extra"]
[Source "ChessBase"]
[SourceDate "2010.03.03"]
[SourceVersion "1"]
[SourceVersionDate "2010.03.03"]
[SourceQuality "1"]

1. e4 e6 2. d4 d5 3. e5 c5 4. c3 Nc6 5. Nf3 Bd7 6. a3 Nge7 7. Bd3 cxd4 8. cxd4 Qb6 9. Bc2 Nf5 10. Bxf5 exf5 11. Nc3 Be6 12. 0-0 Be7 13. Ne2 h6 14. Qd3 a5 15. Bd2 a4 16. Bc3 Qa6 17. Qc2 Rc8 18. Ng3 g6 19. h4 f4 20. Ne2 g5 21. Rad1 Nd8 22. Nh2 Qc6 23. Qd2 Qb5 24. Rfe1 Bf5 25. g4 fxg3 26. Nxg3 Bh3 27. Nh5 Ne6 28. Qe3 Bf5 29. Qf3 Be4 30. Nf6+ Bxf6 31. Qxf6 Rg8 32. h5 Nf4 33. Rxe4 dxe4 34. Ng4 Qe2 35. Ne3 Rc6 36. Qf5 Qf3 37. d5 Ne2+ 38. Kh2 Nxc3 39. bxc3 Rxc3 40. d6 Qxf5 41. Nxf5 Kd7 42. Nxh6 Rf8 43. Rd4 e3 44. fxe3 Rxe3 45. Ng4 Re2+ 46. Kg3 Ke6 47. h6 Rxe5 48. Nxe5 Kxe5 49. Rxa4 f5 50. d7 f4+ 51. Kf3 g4+ 52. Kxg4 f3 53. Ra5+ Ke4 54. Rf5 Rg8+ 55. Rg5 Rd8 56. h7 Rf8 57. Rf5 1-0

[Event "Groningen op-A"]
[Site "Groningen"]
[Date "2009.12.24"]
[Round "4"]
[White "Haast, Anne"]
[Black "Potze, Rudolf"]
[Result "1-0"]
[WhiteElo "2251"]
[BlackElo "2132"]
[PlyCount "77"]
[EventDate "2009.12.21"]
[EventType "swiss"]
[EventRounds "9"]
[EventCountry "NED"]
[SourceTitle "CBM 134 Extra"]
[Source "ChessBase"]
[SourceDate "2010.03.03"]
[SourceVersion "1"]
[SourceVersionDate "2010.03.03"]
[SourceQuality "1"]

1. e4 c5 2. Nf3 Nc6 3. d4 cxd4 4. Nxd4 Nf6 5. Nc3 e5 6. Ndb5 d6 7. Bg5 a6 8. Na3 b5 9. Nd5 Be7 10. Bxf6 Bxf6 11. c3 Bg5 12. Nc2 Rb8 13. a4 0-0 14. axb5 axb5 15. h4 Be7 16. Nce3 b4 17. Bd3 bxc3 18. bxc3 Re8 19. g3 Bf8 20. 0-0 Ne7 21. Qe2 Nxd5 22. Nxd5 Bb7 23. Bc4 Bxd5 24. Bxd5 Qc7 25. Qa2 Re7 26. c4 g6 27. Rfb1 Ree8 28. Kg2 Kg7 29. Rxb8 Rxb8 30. Qa7 Rc8 31. Qe3 Qe7 32. h5 h6 33. hxg6 fxg6 34. Qb6 Rc7 35. c5 dxc5 36. Ra6 Kh8 37. Qxg6 Qg7 38. Qf5 Qe7 39. Re6 1-0

[Event "Rethymno op 1st"]
[Site "Rethymno"]
[Date "2009.07.18"]
[Round "8"]
[White "Konguvel, Ponnuswamy"]
[Black "Potze, Rudolf"]
[Result "1-0"]
[WhiteElo "2419"]
[BlackElo "2139"]
[PlyCount "91"]
[EventDate "2009.07.12"]
[EventType "swiss"]
[EventRounds "9"]
[EventCountry "GRE"]
[SourceTitle "CBM 131 Extra"]
[Source "ChessBase"]
[SourceDate "2009.09.03"]
[SourceVersion "2"]
[SourceVersionDate "2009.09.16"]
[SourceQuality "1"]

1. e4 c5 2. Nf3 Nc6 3. d4 cxd4 4. Nxd4 Nf6 5. Nc3 e5 6. Ndb5 d6 7. Bg5 a6 8. Na3 b5 9. Nd5 Be7 10. Bxf6 Bxf6 11. c3 0-0 12. Nc2 Rb8 13. h4 a5 14. a3 Be6 15. Nce3 Be7 16. g3 Qd7 17. a4 bxa4 18. Qxa4 Rfc8 19. Ba6 Bd8 20. Bxc8 Qxc8 21. 0-0 g6 22. Qa3 Qd7 23. Rfd1 Na7 24. Qxa5 Rb7 25. Qa4 Qc8 26. Qa3 Nb5 27. Qa8 Rb8 28. Qa6 Qd7 29. Qa4 Qc8 30. Qc4 Qb7 31. Qb4 Qc8 32. Qc4 Qb7 33. Ra4 Kg7 34. Rda1 Rc8 35. Qd3 Qc6 36. Rc4 Qe8 37. Rxc8 Bxc8 38. Ra8 Bd7 39. Qc4 f5 40. exf5 gxf5 41. Nb6 Nc7 42. Ra7 Bb5 43. Nxf5+ Kh8 44. Nxd6 Qg6 45. Nxb5 Qxb6 46. Rxc7 1-0

[Event "Rethymno op 1st"]
[Site "Rethymno"]
[Date "2009.07.16"]
[Round "6"]
[White "Meijers, Viesturs"]
[Black "Potze, Rudolf"]
[Result "1-0"]
[WhiteElo "2483"]
[BlackElo "2139"]
[PlyCount "75"]
[EventDate "2009.07.12"]
[EventType "swiss"]
[EventRounds "9"]
[EventCountry "GRE"]
[SourceTitle "CBM 131 Extra"]
[Source "ChessBase"]
[SourceDate "2009.09.03"]
[SourceVersion "2"]
[SourceVersionDate "2009.09.16"]
[SourceQuality "1"]

1. g3 g6 2. Bg2 c6 3. d3 Bg7 4. e4 d6 5. Nd2 e5 6. Qe2 Ne7 7. h4 h5 8. Nh3 Na6 9. Nc4 Nc5 10. Bd2 Qc7 11. Bb4 a5 12. Bd2 b5 13. Ne3 Ne6 14. c3 Bh6 15. 0-0 Ng8 16. f4 exf4 17. gxf4 Qe7 18. f5 Nd8 19. Qf2 Nf6 20. fxg6 Bxe3 21. Qxe3 Bxh3 22. gxf7+ Nxf7 23. Qxh3 Ng4 24. Rf5 Qe6 25. Raf1 Ra7 26. b3 a4 27. Rf6 Qc8 28. d4 axb3 29. axb3 Rh7 30. e5 dxe5 31. dxe5 Rc7 32. Rg6 Qb7 33. e6 Qb6+ 34. Kh1 Nf2+ 35. Rxf2 Qxf2 36. exf7+ Kf8 37. Be3 Qe1+ 38. Kh2 1-0

[Event "Hoogeveen Essent op"]
[Site "Hoogeveen"]
[Date "2008.10.25"]
[Round "9"]
[White "Rademakers, Evert"]
[Black "Potze, Rudolf"]
[Result "1-0"]
[WhiteElo "2151"]
[BlackElo "2105"]
[PlyCount "47"]
[EventDate "2008.10.17"]
[EventType "swiss"]
[EventRounds "9"]
[EventCountry "NED"]
[SourceTitle "CBM 126 Extra"]
[Source "ChessBase"]
[SourceDate "2008.11.05"]
[SourceVersion "1"]
[SourceVersionDate "2008.11.05"]
[SourceQuality "1"]

1. d4 Nf6 2. Nf3 g6 3. Nc3 d5 4. Bf4 Bg7 5. Qd2 h6 6. h4 c6 7. Ne5 Nfd7 8. 0-0-0 Nxe5 9. Bxe5 Bxe5 10. dxe5 h5 11. e4 e6 12. f4 Qa5 13. Kb1 Nd7 14. Be2 b6 15. Bf3 Qc5 16. Rhe1 a5 17. exd5 cxd5 18. f5 gxf5 19. Nxd5 exd5 20. Bxd5 Ra7 21. Qg5 Qe7 22. e6 Ne5 23. exf7+ Kf8 24. Qg8+ 1-0

[Event "Hoogeveen Essent op"]
[Site "Hoogeveen"]
[Date "2008.10.24"]
[Round "8"]
[White "Potze, Rudolf"]
[Black "Archangelsky, Mikhail"]
[Result "1-0"]
[WhiteElo "2105"]
[BlackElo "2276"]
[PlyCount "99"]
[EventDate "2008.10.17"]
[EventType "swiss"]
[EventRounds "9"]
[EventCountry "NED"]
[SourceTitle "CBM 126 Extra"]
[Source "ChessBase"]
[SourceDate "2008.11.05"]
[SourceVersion "1"]
[SourceVersionDate "2008.11.05"]
[SourceQuality "1"]

1. e4 c5 2. c3 d5 3. exd5 Qxd5 4. d4 Nf6 5. Nf3 Bg4 6. Be2 e6 7. h3 Bh5 8. Na3 cxd4 9. Nb5 Qd8 10. Nbxd4 Bc5 11. 0-0 0-0 12. Bg5 Nbd7 13. a4 a6 14. b4 Be7 15. Qb3 Nd5 16. Bd2 Qc7 17. g3 Bf6 18. Rac1 Rad8 19. c4 Ne7 20. Be3 h6 21. g4 Bg6 22. Rfd1 Rfe8 23. a5 Rc8 24. Bf1 Nf8 25. Ne2 e5 26. Bb6 Qb8 27. Bg2 Ne6 28. Nd2 Bg5 29. Rc3 Nc6 30. Nf3 e4 31. Nxg5 hxg5 32. Rd5 Nf4 33. Nxf4 gxf4 34. b5 Ne5 35. Bd4 f6 36. Qc2 f3 37. Bf1 e3 38. Bxe5 Rxe5 39. Qxg6 e2 40. Rd7 exf1Q+ 41. Kxf1 Re1+ 42. Kxe1 Qe5+ 43. Re3 Qa1+ 44. Rd1 Qxa5+ 45. Kf1 Qc7 46. Re8+ Rxe8 47. Qxe8+ Kh7 48. Qh5+ Kg8 49. Qd5+ Kh7 50. bxa6 1-0

[Event "Hoogeveen Essent op"]
[Site "Hoogeveen"]
[Date "2008.10.22"]
[Round "6"]
[White "Potze, Rudolf"]
[Black "Galje, Hans"]
[Result "1/2-1/2"]
[WhiteElo "2105"]
[BlackElo "2121"]
[PlyCount "104"]
[EventDate "2008.10.17"]
[EventType "swiss"]
[EventRounds "9"]
[EventCountry "NED"]
[SourceTitle "CBM 126 Extra"]
[Source "ChessBase"]
[SourceDate "2008.11.05"]
[SourceVersion "1"]
[SourceVersionDate "2008.11.05"]
[SourceQuality "1"]

1. e4 c5 2. c3 g6 3. d4 cxd4 4. cxd4 d5 5. e5 Nc6 6. Nc3 Bg7 7. Bb5 Nh6 8. Nf3 Bg4 9. Be3 0-0 10. h3 Bxf3 11. Qxf3 Nf5 12. Rd1 e6 13. 0-0 Rc8 14. Qe2 f6 15. Bxc6 Rxc6 16. f4 Ng3 17. Qd2 Nxf1 18. Rxf1 Qa5 19. Rf2 Rfc8 20. h4 f5 21. h5 Bf8 22. Qe2 Rc4 23. Qf3 Bb4 24. Qg3 Bxc3 25. bxc3 Kg7 26. Bd2 Qd8 27. Be1 b5 28. Rf3 b4 29. Qh3 bxc3 30. hxg6 hxg6 31. Bxc3 Qh8 32. Qg3 Qh6 33. Qe1 Rh8 34. Qd2 Qh1+ 35. Kf2 Rh2 36. Rg3 Qb1 37. Re3 Rh1 38. Qe2 Ra4 39. Bb2 Rxa2 40. Rb3 Qg1+ 41. Kg3 Qe1+ 42. Qxe1 Rxe1 43. Ba3 Ree2 44. Rb7+ Kg8 45. Be7 Rxg2+ 46. Kh3 Rg4 47. Rd7 Ra1 48. Kh2 a5 49. Bf6 Ra2+ 50. Kh3 Ra1 51. Rd8+ Kf7 52. Rd7+ Kf8 1/2-1/2

[Event "Groningen Harmonie op-C"]
[Site "Groningen"]
[Date "2007.12.22"]
[Round "2"]
[White "Prakken, Gerrit"]
[Black "Potze, Rudolf"]
[Result "1-0"]
[WhiteElo "2207"]
[BlackElo "2137"]
[PlyCount "91"]
[EventDate "2007.12.21"]
[EventType "swiss"]
[EventRounds "5"]
[EventCountry "NED"]
[SourceTitle "CBM 121 Extra"]
[Source "ChessBase"]
[SourceDate "2008.01.10"]
[SourceVersion "1"]
[SourceVersionDate "2008.01.10"]
[SourceQuality "1"]

1. d4 Nf6 2. c4 g6 3. Nc3 d5 4. Nf3 Bg7 5. Bg5 Ne4 6. Bh4 Nxc3 7. bxc3 c5 8. cxd5 Qxd5 9. e3 cxd4 10. cxd4 Nc6 11. Be2 0-0 12. 0-0 e5 13. dxe5 Qxd1 14. Rfxd1 Nxe5 15. Nd4 a6 16. Rac1 Re8 17. Rc7 Rb8 18. h3 Be6 19. Nxe6 Rxe6 20. f4 Rc6 21. Rxc6 Nxc6 22. Rd7 b5 23. Bf3 Nb4 24. Rc7 Nxa2 25. Bd5 Nc3 26. Bxf7+ Kh8 27. Rd7 Rf8 28. Bb3 Bf6 29. Be1 Ne2+ 30. Kf1 Nc1 31. Bc2 Rc8 32. Bb1 Rc6 33. e4 Bd4 34. Rd8+ Kg7 35. e5 Nb3 36. Be4 Rc1 37. Ke2 Nc5 38. Bd2 Ra1 39. Bd5 Na4 40. Rg8+ Kh6 41. f5+ Kh5 42. f6 Bxe5 43. f7 Bd6 44. f8Q Bxf8 45. Rxf8 Nb6 46. Be6 1-0

[Event "Hoogeveen Essent op"]
[Site "Hoogeveen"]
[Date "2006.10.26"]
[Round "7"]
[White "Weeks, Manuel William"]
[Black "Potze, Rudolf"]
[Result "1/2-1/2"]
[WhiteElo "2247"]
[BlackElo "2122"]
[PlyCount "31"]
[EventDate "2006.10.21"]
[EventType "swiss"]
[EventRounds "9"]
[EventCountry "NED"]
[SourceTitle "EXT 2007"]
[Source "ChessBase"]
[SourceDate "2006.11.23"]
[SourceVersion "1"]
[SourceVersionDate "2006.11.23"]
[SourceQuality "1"]

1. e4 c5 2. Nf3 Nc6 3. Nc3 e5 4. Bc4 d6 5. d3 Be7 6. 0-0 h6 7. Nd5 Nf6 8. Nxe7 Qxe7 9. Nh4 Be6 10. Nf5 Bxf5 11. exf5 d5 12. Bb3 0-0 13. c3 b5 14. f4 e4 15. dxe4 dxe4 16. Qe2 1/2-1/2

[Event "Hoogeveen Essent op"]
[Site "Hoogeveen"]
[Date "2006.10.22"]
[Round "3"]
[White "Hulshof, Peter"]
[Black "Potze, Rudolf"]
[Result "1/2-1/2"]
[WhiteElo "2158"]
[BlackElo "2122"]
[PlyCount "117"]
[EventDate "2006.10.21"]
[EventType "swiss"]
[EventRounds "9"]
[EventCountry "NED"]
[SourceTitle "EXT 2007"]
[Source "ChessBase"]
[SourceDate "2006.11.23"]
[SourceVersion "1"]
[SourceVersionDate "2006.11.23"]
[SourceQuality "1"]

1. e4 c5 2. Nc3 Nc6 3. g3 g6 4. Bg2 Bg7 5. d3 e6 6. Be3 d6 7. Qd2 Rb8 8. Nge2 b5 9. 0-0 b4 10. Nd1 Nd4 11. Nc1 Ne7 12. c3 bxc3 13. bxc3 Ndc6 14. Bh6 0-0 15. Bxg7 Kxg7 16. Ne3 e5 17. f4 f6 18. fxe5 fxe5 19. Rxf8 Qxf8 20. Nb3 Be6 21. Rf1 Qd8 22. d4 cxd4 23. Nd5 dxc3 24. Qxc3 Rc8 25. Qf3 Ng8 26. h4 a5 27. a4 Rb8 28. Kh2 Rb7 29. Qc3 Nb4 30. Nc5 Bxd5 31. exd5 dxc5 32. Qxe5+ Kh6 33. d6 Rd7 34. Bh3 Rxd6 35. Rf7 Rd2+ 36. Bg2 Rxg2+ 37. Kxg2 Qd5+ 38. Qxd5 Nxd5 39. g4 g5 40. hxg5+ Kg6 41. Ra7 Nge7 42. Rxa5 Nc3 43. Ra7 Ned5 44. a5 Kxg5 45. Rg7+ Kf4 46. Rxh7 Kxg4 47. a6 Na4 48. a7 Nab6 49. Rb7 Kf4 50. Rb8 Ke4 51. a8Q Nxa8 52. Rxa8 c4 53. Kf2 Kd4 54. Rd8 c3 55. Ke2 Kc4 56. Rc8+ Kb3 57. Kd3 Nb4+ 58. Kd4 c2 59. Rxc2 1/2-1/2

[Event "Hoogeveen Essent op"]
[Site "Hoogeveen"]
[Date "2005.10.28"]
[Round "8"]
[White "Potze, Rudolf"]
[Black "Van Nies, Pauline"]
[Result "0-1"]
[WhiteElo "2128"]
[BlackElo "2063"]
[PlyCount "64"]
[EventDate "2005.10.21"]
[EventType "swiss"]
[EventRounds "9"]
[EventCountry "NED"]
[SourceTitle "EXT 2006"]
[Source "ChessBase"]
[SourceDate "2005.11.24"]
[SourceVersion "1"]
[SourceVersionDate "2005.11.24"]
[SourceQuality "1"]

1. e4 c5 2. c3 d5 3. exd5 Qxd5 4. Nf3 Nf6 5. Na3 e6 6. d4 Nc6 7. Be2 cxd4 8. Nb5 Qd8 9. Nbxd4 Nxd4 10. Nxd4 Be7 11. 0-0 0-0 12. Qc2 Bd7 13. Rd1 Qc7 14. Bf3 Rac8 15. Qb3 b6 16. Be3 a6 17. Ne2 b5 18. Ng3 Bc6 19. Bxc6 Qxc6 20. a4 Nd5 21. axb5 axb5 22. Bd2 Rb8 23. Ne2 Bf6 24. Nf4 Nb6 25. Nd3 Nc4 26. Nb4 Qe4 27. Nc2 Rfd8 28. Be3 Rxd1+ 29. Rxd1 Na5 30. Qa3 Qxc2 31. Qd6 Rf8 32. Ra1 Rd8 0-1